Spell the Marvel Hero #11 - Statistics

General Stats
  • This quiz has been taken 17 times
  • The average score is 6 of 9
Answer Stats
Picture Answer % Correct
Ant-Man
100%
Omega
88%
Domino
75%
Elsa Bloodstone
75%
Luna Snow
63%
Deadpool
56%
Old Lace
56%
Dazzler
44%
Persuasion
38%
No matching quizzes found
Score Distribution
Percent of People with Each Score
Percentile by Number Answered
Your Score History
You have not taken this quiz